Assessment and rating; being the law of municipal taxation in Canada (Record no. 85994)

MARC details
000 -LEADER
fixed length control field 00488cam a2200193 4500
001 - CONTROL NUMBER
control field D6951
008 - FIXED-LENGTH DATA ELEMENTS--GENERAL INFORMATION
fixed length control field 090401t1962 xxu||||| |||| 00| 0 eng d
035 ## - SYSTEM CONTROL NUMBER
System control number (Sirsi) u4115
041 ## - LANGUAGE CODE
Language code of text/sound track or separate title eng
050 ## - LIBRARY OF CONGRESS CALL NUMBER
Classification number 336.210260971
100 ## - MAIN ENTRY--PERSONAL NAME
Personal name Manning, H.E.
245 ## - TITLE STATEMENT
Title Assessment and rating; being the law of municipal taxation in Canada
250 ## - EDITION STATEMENT
Edition statement 4th
260 ## - PUBLICATION, DISTRIBUTION, ETC.
Place of publication, distribution, etc. Toronto
Name of publisher, distributor, etc. Canada Law Book Co
Date of publication, distribution, etc. 1962
300 ## - PHYSICAL DESCRIPTION
Extent lxxii. 822p. 25cm
350 ## - PRICE (NR) (BK AM CF MU VM SE) [OBSOLETE]
Price 0
942 ## - ADDED ENTRY ELEMENTS (KOHA)
Suppress in OPAC 0
948 ## - LOCAL PROCESSING INFORMATION (OCLC); SERIES PART DESIGNATOR (RLIN)
c (OCLC) 04/03/1997
Holdings
Withdrawn status Lost status Source of classification or shelving scheme Damaged status Not for loan Home library Current library Shelving location Date acquired Total Checkouts Full call number Barcode Date last seen Date last checked out Copy number Price effective from Koha item type
    Dewey Decimal Classification     London London Books 14/09/1999 1 336.210260971 30003115 06/08/2019 15/09/1999 1 06/08/2019 Book